Statistiques concernant Architectes célèbres #2

Cliquez ici pour prendre le quiz!

Statistiques générales

  • Ce quiz a été pris 68 fois
  • Le résultat moyen est 4 sur 14

Statistiques - réponses

Bâtiment célèbreEmplacementArchitecte% Correct
Le musée GuggenheimBilbaoFrank Gehry
65%
BauhausDessauWalter Gropius
61%
Pavillon de l'EspritParisLe Corbusier
59%
The ShardLondresRenzo Piano
44%
Stade de WembleyLondresNorman Foster
43%
l'aéroport de TempelhofBerlinAlbert Speer
33%
Opéra de SydneySydneyJørn Utzon
33%
Gare centrale d'HelsinkiHelsinkiEliel Saarinen
31%
Musée juif de BerlinBerlinDaniel Liebeskind
22%
Maison de Pacific PalisadesLos AngelesCharles & Ray Eames
15%
Hôtel Royal Radisson SASCopenhagueArne Jacobsen
11%
Getty Museum / Getty CenterLos AngelesRichard Meier
11%
Place de Fontenoy - UNESCOParisMarcel Breuer
7%
Petronas TowersKuala LumpurCesar Pelli
4%

Distribution des résultats

Percentile par nombre de réponses

% des personnes avec chaque résultat

Votre développement - résultats

Vous n’avez pas pris ce quiz